00916cam a2200277 i 45000010008000000030009000080050017000170070008000340080033000420150006000750170009000810200018000900350006001080400025001140800006001390820028001451000029001732450134002022600038003363000027003745000070004015340067004716500026005386500026005647000048005900000643DO-SdBNP20241030121100.00000643100514s 2011 gt a | 000 f spa  a  a b  a9789929583009 a  aBPMSUbspacBPMSUe  a  4a839.313bA315d 20112221 aAkkeren, Ruud Vand1956-13aLa danza del tambor :blos últimos días del calendario maya /cRuud Van Akkeren ; traducción Eduardo Villaquirán Sterling aGuatemala :bPiedra Santa,c2011. a416 p. :bil. ;c21 cm aIncluye referencias bibliográficas y notas a pie de páginas.  pTítulo original : tDe dans van de trom - een maya ritueel / 4a Novela holandesa 2  4aLiteratura holandesa 1 aVillaquirán Sterling, Eduardoetraductor